000 00740nam a2200229 i 4500
001 101477
003 ES-MaACL
005 20250815135506.0
007 t|
008 051019s1948 ag f ||||1| spa d
080 _a75(38)(09)
100 1 _aMéautis, Georges.
_979641
245 1 4 _aLas obras maestras de la pintura griega /
_cGeorges Méautis ; [traducido por Enrique Molina].
260 _aBuenos Aires :
_bArgos,
_c1948.
300 _a191 p., lám. col. I-II, 8 lám. ;
_c21 cm.
490 1 _aEl arte y los artistas
650 0 7 _aPintura griega
_2embne
_916054
700 1 _aMolina, Enrique,
_d1871-1964
_9156714
830 0 3 _aEl arte y los artistas
_9184604
852 _aES-MaACL
_jD-5576
999 _c101477
_d101477